[Event "Lidums Checkmate Open"]
[Site "Adelaide"]
[Date "2010.07.03"]
[Round "3.4"]
[White "Johansen, Darryl K"]
[Black "Chapman, Mark"]
[Result "0-1"]
[WhiteElo "2360"]
[BlackElo "2296"]
[PlyCount "92"]
[EventDate "2010.07.03"]
[EventType "swiss"]
[EventRounds "7"]
[EventCountry "AUS"]

1. c4 e6 2. Nf3 d5 3. d4 Nf6 4. g3 c5 5. cxd5 exd5 6. Bg2 Nc6 7. O-O Be7 8. Nc3
Be6 9. dxc5 Bxc5 10. Bg5 O-O 11. Bxf6 Qxf6 12. Nxd5 Qxb2 13. Nc7 Rad8 14. Qc1
Qxc1 15. Raxc1 Be7 16. Nxe6 fxe6 17. Rc4 Rd6 18. h4 h6 19. Bh3 Bf6 20. Rb1 Rf7
21. Re4 Nd8 22. Rc1 Rfd7 23. Rc8 Kf7 24. Ne5+ Bxe5 25. Rxe5 Ra6 26. Rc2 Rdd6
27. f4 Nc6 28. Rb5 b6 29. Rbb2 Ra5 30. Kf2 Kf6 31. Bg2 Nd4 32. Rc7 Nb5 33. Rcc2
e5 34. e3 Na3 35. Rc7 g6 36. Bf1 a6 37. Rh7 h5 38. Rc7 Ra4 39. Be2 e4 40. g4
hxg4 41. Bxg4 Nc4 42. Rc2 b5 43. Be2 Na5 44. Ra7 Nc6 45. Ra8 Nb4 46. Rc7 Rxa2
0-1

[Event "Lidums Checkmate Open"]
[Site "Adelaide"]
[Date "2010.07.03"]
[Round "3.5"]
[White "Wallis, Christopher"]
[Black "Scott, Ronald"]
[Result "1-0"]
[WhiteElo "2130"]
[BlackElo "2185"]
[PlyCount "59"]
[EventDate "2010.07.03"]
[EventType "swiss"]
[EventRounds "7"]
[EventCountry "AUS"]

1. d4 Nf6 2. c4 c5 3. d5 e5 4. Nc3 d6 5. g3 Be7 6. Bg2 a6 7. a4 Nbd7 8. e4 h5
9. Nf3 Nf8 10. Nh4 g6 11. h3 N8d7 12. Nf3 Bf8 13. Be3 Bh6 14. Ng5 Ng4 15. Nxf7
Nxe3 16. Nxd6+ Kf8 17. fxe3 Kg7 18. Qe2 Nb6 19. Nxc8 Nxc8 20. O-O Nd6 21. a5
Qg5 22. Rf3 Rhf8 23. h4 Qe7 24. Na4 Rxf3 25. Bxf3 Qc7 26. Nb6 Rf8 27. Rf1 Rf7
28. Kh1 Rf8 29. Qg2 Bxe3 30. Qh3 1-0

[Event "Lidums Checkmate Open"]
[Site "Adelaide"]
[Date "2010.07.03"]
[Round "3.6"]
[White "Mdinaradze, Edgar"]
[Black "Sheldrick, Kevin"]
[Result "1/2-1/2"]
[WhiteElo "1871"]
[BlackElo "2095"]
[PlyCount "73"]
[EventDate "2010.07.03"]
[EventType "swiss"]
[EventRounds "7"]
[EventCountry "AUS"]

1. d4 d5 2. Nf3 Nc6 3. e3 Bg4 4. Nbd2 e6 5. c4 Nf6 6. a3 Be7 7. Be2 O-O 8. O-O
dxc4 9. Nxc4 Qd5 10. b4 a5 11. bxa5 Bxf3 12. gxf3 Nxa5 13. e4 Qh5 14. Bf4 c6
15. a4 Qg6+ 16. Bg3 Rfd8 17. Nxa5 Rxa5 18. Qb3 Rd7 19. Rfd1 Nh5 20. Kf1 f5 21.
exf5 Qxf5 22. Kg1 Nf6 23. Kg2 Nd5 24. Bc4 Bf6 25. Bd3 Qg5 26. Kh1 Kf7 27. Bc4
c5 28. Be5 Bxe5 29. dxe5 Qxe5 30. Re1 Qf5 31. Re4 Ra8 32. Rae1 Re8 33. Re5 Qf6
34. Bxd5 Rxd5 35. Rxd5 exd5 36. Re4 Rf8 37. Qxd5+ 1/2-1/2

[Event "Lidums Checkmate Open"]
[Site "Adelaide"]
[Date "2010.07.03"]
[Round "3.7"]
[White "Srdic, Goran"]
[Black "Cameron, Alistair"]
[Result "1-0"]
[WhiteElo "1990"]
[BlackElo "1862"]
[PlyCount "39"]
[EventDate "2010.07.03"]
[EventType "swiss"]
[EventRounds "7"]
[EventCountry "AUS"]

1. d4 Nf6 2. Nf3 g6 3. c4 c5 4. d5 b5 5. cxb5 a6 6. e3 Bb7 7. Nc3 Qa5 8. Bd2
Qb6 9. e4 e6 10. Bg5 Bg7 11. a4 axb5 12. Bxb5 exd5 13. exd5 O-O 14. O-O Na6 15.
Ne5 Bc8 16. Qf3 Nh5 17. Nc4 Qb8 18. g4 h6 19. Be7 Nf4 20. Bd6 1-0

[Event "Lidums Checkmate Open"]
[Site "Adelaide"]
[Date "2010.07.03"]
[Round "3.9"]
[White "Sykes, Alexander K"]
[Black "Steffensen, Dennis A"]
[Result "1-0"]
[WhiteElo "1900"]
[BlackElo "1601"]
[PlyCount "63"]
[EventDate "2010.07.03"]
[EventType "swiss"]
[EventRounds "7"]
[EventCountry "AUS"]

1. e4 c5 2. Nc3 Nc6 3. f4 g6 4. Nf3 Bg7 5. Bc4 d6 6. O-O e6 7. d3 Nge7 8. Bb3
a6 9. Qe1 Bd7 10. Qh4 Nd4 11. Nxd4 Bxd4+ 12. Kh1 Ng8 13. Qg3 Qc7 14. f5 O-O-O
15. fxe6 Bxe6 16. Bf4 Qd7 17. Nd5 Bxd5 18. Bxd5 f5 19. c3 Bg7 20. exf5 Nf6 21.
Be6 Nh5 22. Bxd7+ Rxd7 23. Qg4 Nxf4 24. Rxf4 Be5 25. Rf3 h5 26. Qxg6 Rg7 27.
Qe6+ Kc7 28. f6 Rg6 29. Qe7+ Kc6 30. f7 Bg7 31. Qe8+ Kb6 32. Qxh8 1-0

[Event "Lidums Checkmate Open"]
[Site "Adelaide"]
[Date "2010.07.03"]
[Round "3.10"]
[White "Simmonds, Leteisha"]
[Black "Cloudsdale, Colin"]
[Result "0-1"]
[WhiteElo "1396"]
[BlackElo "1898"]
[PlyCount "85"]
[EventDate "2010.07.03"]
[EventType "swiss"]
[EventRounds "7"]
[EventCountry "AUS"]

1. e4 c5 2. Nf3 Nc6 3. d4 cxd4 4. Nxd4 a6 5. c4 Nf6 6. Nc3 e6 7. Be3 Be7 8. Be2
O-O 9. O-O d6 10. f3 Bd7 11. Kh1 Rb8 12. b3 Nxd4 13. Bxd4 Bc6 14. Qe1 Nd7 15.
Qg3 Bf6 16. Qxd6 Qa5 17. Bxf6 Nxf6 18. Qd2 Rfd8 19. Qc2 Rd4 20. Rfd1 Rbd8 21.
Rxd4 Rxd4 22. Rd1 e5 23. Kg1 g6 24. Kf1 Nd7 25. Rxd4 exd4 26. Nd1 Nc5 27. Nf2
Ne6 28. Nd3 b5 29. b4 Qd8 30. c5 Qg5 31. Qc1 Qh4 32. Kg1 g5 33. g3 Qh6 34. Ne5
Bb7 35. c6 Bc8 36. Bd3 Qf8 37. Ng4 Qxb4 38. Nf6+ Kf8 39. Nd5 Qa5 40. f4 h6 41.
f5 Nc7 42. Qc5+ Kg8 43. Ne7+ 0-1

[Event "Lidums Checkmate Open"]
[Site "Adelaide"]
[Date "2010.07.03"]
[Round "3.11"]
[White "Jelic, Mato"]
[Black "Kerr, Bill"]
[Result "0-1"]
[WhiteElo "1815"]
[BlackElo "1793"]
[PlyCount "36"]
[EventDate "2010.07.03"]
[EventType "swiss"]
[EventRounds "7"]
[EventCountry "AUS"]

1. c4 f5 2. g3 Nf6 3. Bg2 g6 4. Nf3 Bg7 5. O-O d6 6. d4 O-O 7. Nc3 Qe8 8. d5
Na6 9. Be3 h6 10. Rb1 c5 11. a3 g5 12. Qc2 Nh5 13. b4 f4 14. Bc1 Bf5 15. Ne4
Qg6 16. Nfd2 fxg3 17. hxg3 Nxg3 18. Bb2 Nxe2+ 0-1

[Event "Lidums Checkmate Open"]
[Site "Adelaide"]
[Date "2010.07.03"]
[Round "3.12"]
[White "Staak, Eric"]
[Black "Zelesco, Karl"]
[Result "1/2-1/2"]
[WhiteElo "1545"]
[BlackElo "1603"]
[PlyCount "113"]
[EventDate "2010.07.03"]
[EventType "swiss"]
[EventRounds "7"]
[EventCountry "AUS"]

1. e4 e5 2. Nf3 Nc6 3. d3 Nf6 4. g3 Bc5 5. Bg2 d6 6. O-O O-O 7. h3 Be6 8. c3
Bb6 9. b4 Ne7 10. a4 a5 11. b5 h6 12. Qe2 Nd7 13. Nh2 c6 14. Na3 f5 15. Be3 f4
16. Bxb6 Qxb6 17. g4 Qc7 18. c4 c5 19. Nc2 Nf6 20. f3 Qd7 21. Rfd1 h5 22. Kf2
Nh7 23. Rh1 Kf7 24. Ke1 Rh8 25. gxh5 Bxh3 26. Bxh3 Qxh3 27. Kd2 Ng5 28. Rag1
Rxh5 29. Ne1 Rah8 30. Ng4 Qxh1 31. Rxh1 Rxh1 32. Qg2 Ne6 33. Nc2 Ng8 34. Kc3
Nf6 35. b6 Rb1 36. Na3 Rxb6 37. Nb5 Rc6 38. Nxf6 Kxf6 39. Qg4 g6 40. Na7 Rc7
41. Nb5 Rd7 42. Qg2 Nd4 43. Nxd4 cxd4+ 44. Kb3 Rdh7 45. Qg4 Rh3 46. Qd7 Rxf3
47. Qxd6+ Kf7 48. Qd7+ Kf6 49. Qd6+ Kf7 50. Qd7+ Kg8 51. Qe8+ Kh7 52. Qe7+ Kh6
53. Qh4+ Kg7 54. Qe7+ Kg8 55. Qe8+ Kh7 56. Qe7+ Kg8 57. Qe8+ 1/2-1/2

[Event "Lidums Checkmate Open"]
[Site "Adelaide"]
[Date "2010.07.03"]
[Round "3.13"]
[White "Atrens, Edvard"]
[Black "Courtney, Michael J"]
[Result "1-0"]
[WhiteElo "1529"]
[BlackElo "1581"]
[PlyCount "53"]
[EventDate "2010.07.03"]
[EventType "swiss"]
[EventRounds "7"]
[EventCountry "AUS"]

1. e4 e6 2. d4 d5 3. Nc3 Nf6 4. Bg5 Be7 5. e5 Nfd7 6. Bxe7 Qxe7 7. f4 a6 8. Nf3
c5 9. Qd2 Nc6 10. g4 cxd4 11. Ne2 f6 12. Nexd4 O-O 13. Nxc6 bxc6 14. O-O-O fxe5
15. Nxe5 Nxe5 16. fxe5 Qh4 17. h3 Rf2 18. Qd4 Bd7 19. Bd3 Raf8 20. Kb1 Qg5 21.
Rhe1 Rh2 22. Bxa6 Rff2 23. Bd3 Be8 24. Rf1 Rd2 25. Rxd2 Qxd2 26. Qc5 h6 27.
Qf8# 1-0

[Event "Lidums Checkmate Open"]
[Site "Adelaide"]
[Date "2010.07.03"]
[Round "4.1"]
[White "Goldenberg, Igor"]
[Black "Teichmann, Erik"]
[Result "1/2-1/2"]
[WhiteElo "2336"]
[BlackElo "2321"]
[PlyCount "62"]
[EventDate "2010.07.03"]
[EventType "swiss"]
[EventRounds "7"]
[EventCountry "AUS"]

1. d4 Nc6 2. Nf3 d6 3. c4 Nf6 4. Nc3 Bg4 5. g3 e5 6. d5 Ne7 7. Bg2 g6 8. h3 Bd7
9. O-O Bg7 10. e4 O-O 11. Ne1 Nh5 12. Kh2 Qe8 13. Bf3 Nf6 14. Nd3 h6 15. Bd2
Nh7 16. Bg2 f5 17. f4 exf4 18. Bxf4 fxe4 19. Nxe4 Nf5 20. c5 g5 21. Bc1 Qg6 22.
Nc3 Rae8 23. c6 Bc8 24. Rf3 Nd4 25. Rxf8+ Nxf8 26. cxb7 Bxb7 27. Nf2 Bc8 28.
Nfe4 Bf5 29. Be3 Bxe4 30. Bxd4 Bxg2 31. Kxg2 Nd7 1/2-1/2

[Event "Lidums Checkmate Open"]
[Site "Adelaide"]
[Date "2010.07.03"]
[Round "4.2"]
[White "Smerdon, David C"]
[Black "Zulfic, Fedja"]
[Result "1-0"]
[WhiteElo "2511"]
[BlackElo "1935"]
[PlyCount "35"]
[EventDate "2010.07.03"]
[EventType "swiss"]
[EventRounds "7"]
[EventCountry "AUS"]

1. e4 c5 2. c3 d5 3. exd5 Qxd5 4. d4 Nf6 5. Nf3 Bg4 6. dxc5 Qxd1+ 7. Kxd1 e6 8.
b4 a5 9. a3 Bxf3+ 10. gxf3 axb4 11. Bb5+ Nbd7 12. cxb4 O-O-O 13. Ke2 Nd5 14.
Bd2 Be7 15. a4 Nc7 16. Na3 Bf6 17. Rad1 Nd5 18. Nc4 1-0

[Event "Lidums Checkmate Open"]
[Site "Adelaide"]
[Date "2010.07.03"]
[Round "4.4"]
[White "Sykes, Alexander K"]
[Black "Wallis, Christopher"]
[Result "0-1"]
[WhiteElo "1900"]
[BlackElo "2130"]
[PlyCount "68"]
[EventDate "2010.07.03"]
[EventType "swiss"]
[EventRounds "7"]
[EventCountry "AUS"]

1. d4 d5 2. c4 c6 3. Nf3 Nf6 4. Nc3 dxc4 5. a4 Bf5 6. e3 e6 7. Bxc4 Bb4 8. O-O
O-O 9. Qe2 Bg4 10. Rd1 Qa5 11. Bd2 Nbd7 12. h3 Bh5 13. Nb1 Rfe8 14. g4 Bg6 15.
Bxb4 Qxb4 16. Nc3 a5 17. Nh4 Nb6 18. Ba2 Nfd5 19. Nxg6 hxg6 20. Nxd5 exd5 21.
Qd2 Nxa4 22. Rab1 Nb6 23. Qxb4 axb4 24. Bb3 g5 25. Rdc1 Nc8 26. Rc2 Nd6 27. Kf1
g6 28. Kg2 Kg7 29. Rf1 f5 30. Rh1 Re4 31. Kg3 f4+ 32. Kf3 fxe3 33. fxe3 Rae8
34. Ke2 Rf8 0-1

[Event "Lidums Checkmate Open"]
[Site "Adelaide"]
[Date "2010.07.03"]
[Round "4.5"]
[White "Goldsmith, Alan D"]
[Black "Johansen, Darryl K"]
[Result "0-1"]
[WhiteElo "1975"]
[BlackElo "2360"]
[PlyCount "56"]
[EventDate "2010.07.03"]
[EventType "swiss"]
[EventRounds "7"]
[EventCountry "AUS"]

1. d4 Nf6 2. Nf3 g6 3. c4 Bg7 4. Nc3 O-O 5. e4 d6 6. Be2 e5 7. Bg5 h6 8. dxe5
hxg5 9. exf6 Bxf6 10. h4 gxh4 11. Qd2 Re8 12. O-O-O Nc6 13. Qh6 Bg4 14. Rxh4
Bxf3 15. Qh7+ Kf8 16. Bxf3 Bxc3 17. bxc3 Qf6 18. Qh6+ Ke7 19. e5 Nxe5 20. Re4
c5 21. Qd2 g5 22. Be2 Rad8 23. Qd5 b6 24. g3 Kf8 25. f4 gxf4 26. Rxf4 Qe6 27.
Qe4 Ng6 28. Qxe6 Rxe6 0-1

[Event "Lidums Checkmate Open"]
[Site "Adelaide"]
[Date "2010.07.03"]
[Round "4.6"]
[White "Scott, Ronald"]
[Black "Mdinaradze, Edgar"]
[Result "1-0"]
[WhiteElo "2185"]
[BlackElo "1871"]
[PlyCount "74"]
[EventDate "2010.07.03"]
[EventType "swiss"]
[EventRounds "7"]
[EventCountry "AUS"]

1. d4 d5 2. c4 dxc4 3. e3 Nf6 4. Bxc4 e6 5. Nc3 Be7 6. Nf3 O-O 7. O-O Nbd7 8.
a3 c6 9. Qe2 Qc7 10. Bd2 Nd5 11. Rac1 Nxc3 12. Bxc3 Nb6 13. Ba2 Nd5 14. Bd2 Bf6
15. e4 Nf4 16. Qe3 Ng6 17. e5 Be7 18. Ng5 h6 19. Ne4 Rd8 20. Rfd1 Qb6 21. Bc3
Bf8 22. Bb1 Bd7 23. Rd3 Be8 24. Rcd1 Rd5 25. Qc1 Rad8 26. b4 Qc7 27. Rg3 Kh8
28. Re1 a5 29. bxa5 Rxd4 30. Nd6 Rh4 31. h3 Bxd6 32. exd6 Rxd6 33. Qb2 e5 34.
Bxe5 Qd7 35. Bxd6 Qxd6 36. Rxe8+ Kh7 37. Rd3 Qc7 1-0

[Event "Lidums Checkmate Open"]
[Site "Adelaide"]
[Date "2010.07.03"]
[Round "4.7"]
[White "Sheldrick, Kevin"]
[Black "Guo, Emma"]
[Result "1-0"]
[WhiteElo "2095"]
[BlackElo "1843"]
[PlyCount "90"]
[EventDate "2010.07.03"]
[EventType "swiss"]
[EventRounds "7"]
[EventCountry "AUS"]

1. e4 e5 2. Nc3 Nf6 3. Bc4 Nxe4 4. Qh5 Nd6 5. Bb3 Be7 6. Qxe5 O-O 7. d4 Nc6 8.
Qf4 Re8 9. Nge2 Bf6 10. Be3 g6 11. O-O-O Na5 12. h4 Nxb3+ 13. axb3 Nf5 14. g4
Nxe3 15. fxe3 Bg7 16. Rdf1 Rf8 17. e4 d6 18. h5 Qd7 19. h6 Bh8 20. Nd5 Qe6 21.
Rhg1 Bd7 22. Nxc7 Qe7 23. Nxa8 Rxa8 24. Rg2 Bb5 25. c4 Rc8 26. Rgf2 Be8 27. Kd2
Qc7 28. Kd3 Qb6 29. Kc3 a5 30. Qg5 Qb4+ 31. Kc2 a4 32. Qe7 axb3+ 33. Kd3 Qxc4+
34. Ke3 b6 35. Rf6 Bb5 36. Qxf7+ Qxf7 37. Rxf7 Bxe2 38. Kxe2 Bxd4 39. Rd7 Bxb2
40. Rb1 Rc2+ 41. Kd3 Rc3+ 42. Kd4 Rc7+ 43. Rxb2 Rxd7 44. Rxb3 Kf7 45. Kd5 Re7
1-0

[Event "Lidums Checkmate Open"]
[Site "Adelaide"]
[Date "2010.07.03"]
[Round "4.8"]
[White "Cameron, Alistair"]
[Black "Atrens, Edvard"]
[Result "1-0"]
[WhiteElo "1862"]
[BlackElo "1529"]
[PlyCount "119"]
[EventDate "2010.07.03"]
[EventType "swiss"]
[EventRounds "7"]
[EventCountry "AUS"]

1. d4 d5 2. c4 e6 3. Nc3 Nf6 4. cxd5 exd5 5. Bg5 Be7 6. e3 c6 7. Bd3 O-O 8. Qc2
h6 9. Bh4 Be6 10. Nge2 Ne8 11. Bxe7 Qxe7 12. O-O-O Nd6 13. Rhg1 a5 14. g4 Na6
15. h4 Nb4 16. Bh7+ Kh8 17. Qb1 Ne4 18. Bxe4 dxe4 19. Qxe4 Qxh4 20. Kb1 Rae8
21. Qf3 Qg5 22. Nf4 Bd7 23. a3 Na6 24. Nd3 f6 25. Qg3 b5 26. f4 Qg6 27. f5 Qf7
28. Nf4 b4 29. Ng6+ Kg8 30. axb4 axb4 31. Na4 Qb3 32. Nxf8 Qxa4 33. Nxd7 b3 34.
Nc5 Qa2+ 35. Kc1 Nb4 36. Nd3 Nc2 37. Kd2 Rxe3 38. Qxe3 Nxe3 39. Kxe3 Qa7 40.
Nc5 Qb8 41. Rg2 Qb4 42. Kd3 Qb5+ 43. Kc3 Qb8 44. Nxb3 Qf4 45. Rd3 Qe4 46. Rg1
Qe2 47. Na5 Qe4 48. Nc4 Qe2 49. Re3 Qf2 50. Rge1 Qg2 51. Re4 Qg3+ 52. R1e3 Qg1
53. Kc2 Qg2+ 54. Re2 Qg1 55. Nd6 Qg3 56. Re8+ Kh7 57. Nf7 g6 58. Ng5+ hxg5 59.
R2e7+ Kh6 60. Rh8# 1-0

[Event "Lidums Checkmate Open"]
[Site "Adelaide"]
[Date "2010.07.03"]
[Round "4.9"]
[White "Steffensen, Dennis A"]
[Black "Simmonds, Leteisha"]
[Result "1/2-1/2"]
[WhiteElo "1601"]
[BlackElo "1396"]
[PlyCount "126"]
[EventDate "2010.07.03"]
[EventType "swiss"]
[EventRounds "7"]
[EventCountry "AUS"]

1. d4 e6 2. c4 Bb4+ 3. Nc3 f5 4. Bd2 Nf6 5. g3 Nc6 6. Nf3 b6 7. Bg2 Bb7 8. O-O
O-O 9. a3 Be7 10. Qc2 Nh5 11. e3 g5 12. Ne2 d6 13. d5 exd5 14. cxd5 Ne5 15.
Nfd4 Ng7 16. Rac1 Rc8 17. f4 Nd7 18. fxg5 Bxg5 19. Nxf5 Nxf5 20. Rxf5 Rxf5 21.
Qxf5 Qe7 22. Nf4 Bxf4 23. gxf4 Nc5 24. Re1 Rf8 25. Qg4+ Qg7 26. Qxg7+ Kxg7 27.
e4 Re8 28. Bc3+ Kf7 29. e5 dxe5 30. fxe5 Ba6 31. Re3 Bc4 32. Rh3 Kg8 33. Rg3+
Kf8 34. e6 a5 35. Rg7 Re7 36. Rg4 Bd3 37. Bf6 Re8 38. Rg7 Nxe6 39. dxe6 Rxe6
40. Bc3 c5 41. Rg3 Bb5 42. Bd5 Rd6 43. Rg8+ Ke7 44. Rg7+ Kf8 45. Rf7+ Ke8 46.
Rf5 Rg6+ 47. Kf2 Rh6 48. Kg3 Rg6+ 49. Kf2 Rh6 50. Be5 Ke7 51. Bf4 Rg6 52. Rf7+
Ke8 53. Rxh7 Rf6 54. Ke3 a4 55. h4 Rf8 56. h5 Bd7 57. h6 Bf5 58. Rb7 Bb1 59.
Rxb6 Bh7 60. Rb8+ Ke7 61. Rxf8 Kxf8 62. Bd6+ Ke8 63. Bxc5 Kd7 1/2-1/2

[Event "Lidums Checkmate Open"]
[Site "Adelaide"]
[Date "2010.07.03"]
[Round "4.10"]
[White "Haydn, Gavin"]
[Black "Staak, Eric"]
[Result "1-0"]
[WhiteElo "1489"]
[BlackElo "1545"]
[PlyCount "51"]
[EventDate "2010.07.03"]
[EventType "swiss"]
[EventRounds "7"]
[EventCountry "AUS"]

1. d4 Nf6 2. c4 e5 3. dxe5 Ng4 4. f4 Bb4+ 5. Nc3 Bxc3+ 6. bxc3 h5 7. Nf3 b6 8.
h3 Nh6 9. e4 Bb7 10. Bd3 Ng8 11. O-O Na6 12. Be3 c5 13. f5 Qe7 14. Bf4 Nc7 15.
Qe1 O-O-O 16. a4 f6 17. a5 fxe5 18. Nxe5 Qe8 19. axb6 axb6 20. Qb1 Na8 21. Ng6
Rh7 22. Rxa8+ Bxa8 23. Qxb6 d6 24. Rb1 Qf7 25. Bxd6 Qd7 26. Qb8# 1-0

[Event "Lidums Checkmate Open"]
[Site "Adelaide"]
[Date "2010.07.03"]
[Round "4.11"]
[White "Zelesco, Karl"]
[Black "Wedding, William"]
[Result "0-1"]
[WhiteElo "1603"]
[BlackElo "1404"]
[PlyCount "79"]
[EventDate "2010.07.03"]
[EventType "swiss"]
[EventRounds "7"]
[EventCountry "AUS"]

1. e4 e5 2. Nf3 Nc6 3. Bb5 a6 4. Ba4 Nf6 5. O-O Be7 6. Re1 b5 7. Bb3 O-O 8. h3
d6 9. c3 Na5 10. Bc2 Re8 11. d4 exd4 12. cxd4 Bb7 13. Nbd2 d5 14. e5 Nd7 15. a3
Nb6 16. Nf1 Bc8 17. b3 Nb7 18. Ng3 c5 19. Bb2 Be6 20. Rc1 c4 21. b4 a5 22. Bc3
Na4 23. Bxa4 bxa4 24. Rb1 axb4 25. Bxb4 Qc7 26. Ne2 Na5 27. Nd2 Bxb4 28. Rxb4
Nb3 29. Qc2 Rab8 30. Rxb8 Rxb8 31. Nxb3 axb3 32. Qb2 Bf5 33. g4 Bg6 34. f4 Bd3
35. f5 Bxe2 36. Rxe2 Qd7 37. Qc3 g6 38. f6 Qa7 39. Rb2 Qxa3 40. h4 0-1

[Event "Lidums Checkmate Open"]
[Site "Adelaide"]
[Date "2010.07.04"]
[Round "5.1"]
[White "Teichmann, Erik"]
[Black "Smerdon, David C"]
[Result "1/2-1/2"]
[WhiteElo "2321"]
[BlackElo "2511"]
[PlyCount "20"]
[EventDate "2010.07.03"]
[EventType "swiss"]
[EventRounds "7"]
[EventCountry "AUS"]

1. b4 e5 2. Bb2 f6 3. e4 d5 4. f4 exf4 5. Qh5+ g6 6. Qxd5 Qxd5 7. exd5 Bxb4 8.
Bc4 Nd7 9. Nf3 Ne7 10. O-O Bd6 1/2-1/2

[Event "Lidums Checkmate Open"]
[Site "Adelaide"]
[Date "2010.07.04"]
[Round "5.2"]
[White "Morris, James"]
[Black "Goldenberg, Igor"]
[Result "1-0"]
[WhiteElo "2213"]
[BlackElo "2336"]
[PlyCount "51"]
[EventDate "2010.07.03"]
[EventType "swiss"]
[EventRounds "7"]
[EventCountry "AUS"]

1. d4 d5 2. Nf3 Nf6 3. c4 c6 4. e3 e6 5. b3 Bd6 6. Bd3 O-O 7. O-O Nbd7 8. Bb2
Qc7 9. Nc3 dxc4 10. bxc4 e5 11. c5 Be7 12. Qc2 exd4 13. exd4 Rd8 14. Rfe1 Nf8
15. Re5 Ng6 16. Rae1 Bf8 17. Ng5 Nxe5 18. dxe5 h6 19. Nxf7 Qxf7 20. exf6 Qxf6
21. Ne4 Qf4 22. g3 Qf3 23. Qb3+ Kh8 24. Re3 Rxd3 25. Rxf3 Rxb3 26. Rxf8+ 1-0

[Event "Lidums Checkmate Open"]
[Site "Adelaide"]
[Date "2010.07.04"]
[Round "5.3"]
[White "Wallis, Christopher"]
[Black "Srdic, Goran"]
[Result "1-0"]
[WhiteElo "2130"]
[BlackElo "1990"]
[PlyCount "33"]
[EventDate "2010.07.03"]
[EventType "swiss"]
[EventRounds "7"]
[EventCountry "AUS"]

1. e4 e6 2. d4 d5 3. Nc3 Bb4 4. e5 c5 5. a3 Bxc3+ 6. bxc3 Ne7 7. Qg4 O-O 8. Bd3
Qa5 9. Bd2 Nbc6 10. Nf3 f5 11. exf6 Rxf6 12. Qh5 Nf5 13. g4 c4 14. gxf5 cxd3
15. Rg1 Qc7 16. Bh6 Rf7 17. Rxg7+ 1-0

[Event "Lidums Checkmate Open"]
[Site "Adelaide"]
[Date "2010.07.04"]
[Round "5.4"]
[White "Chapman, Mark"]
[Black "Scott, Ronald"]
[Result "1/2-1/2"]
[WhiteElo "2296"]
[BlackElo "2185"]
[PlyCount "60"]
[EventDate "2010.07.03"]
[EventType "swiss"]
[EventRounds "7"]
[EventCountry "AUS"]

1. e4 e5 2. Nc3 Nf6 3. Bc4 Bb4 4. f4 d6 5. Nf3 Nc6 6. d3 Be6 7. Bb5 exf4 8.
Bxf4 d5 9. exd5 Qxd5 10. Qd2 Bxc3 11. Bxc6+ Qxc6 12. bxc3 O-O 13. Nd4 Qd7 14.
O-O Nd5 15. Bg3 Rfe8 16. Rae1 c5 17. Nxe6 Rxe6 18. Rxe6 Qxe6 19. Re1 Qc6 20. c4
Nf6 21. Re7 Re8 22. Qe3 Kf8 23. Rxe8+ Nxe8 24. h3 b6 25. Qe5 Qa4 26. Qb8 h6 27.
Qa8 Qd7 28. Bb8 a5 29. Qa6 Qd4+ 30. Kh2 Nf6 1/2-1/2

[Event "Lidums Checkmate Open"]
[Site "Adelaide"]
[Date "2010.07.04"]
[Round "5.5"]
[White "Johansen, Darryl K"]
[Black "Sykes, Alexander K"]
[Result "1-0"]
[WhiteElo "2330"]
[BlackElo "1900"]
[PlyCount "65"]
[EventDate "2010.07.03"]
[EventType "swiss"]
[EventRounds "7"]
[EventCountry "AUS"]

1. c4 Nf6 2. Nc3 d5 3. cxd5 Nxd5 4. Nf3 c5 5. e4 Nb6 6. d4 cxd4 7. Qxd4 Qxd4 8.
Nxd4 e5 9. Ndb5 Na6 10. Be3 Bb4 11. O-O-O O-O 12. Nxa7 Bxc3 13. Bxb6 Bb4 14.
Bxa6 bxa6 15. Nxc8 Rfxc8+ 16. Kb1 Rab8 17. Be3 Bc3 18. b3 a5 19. Rd3 Bb4 20.
Rc1 Rxc1+ 21. Bxc1 a4 22. f3 f6 23. bxa4 Ra8 24. Kc2 Bc5 25. Kb3 Bd4 26. Be3
Rb8+ 27. Kc4 Rc8+ 28. Kd5 Bc3 29. Bb6 Kf7 30. a5 Bb4 31. a6 Ke7 32. Rb3 Bd6 33.
Be3 1-0

[Event "Lidums Checkmate Open"]
[Site "Adelaide"]
[Date "2010.07.04"]
[Round "5.7"]
[White "Cloudsdale, Colin"]
[Black "Haydn, Gavin"]
[Result "1-0"]
[WhiteElo "1898"]
[BlackElo "1489"]
[PlyCount "79"]
[EventDate "2010.07.03"]
[EventType "swiss"]
[EventRounds "7"]
[EventCountry "AUS"]

1. e4 c5 2. Nf3 d6 3. d4 cxd4 4. Nxd4 Nf6 5. Nc3 a6 6. Be2 e5 7. Nb3 Be6 8. Be3
Be7 9. O-O O-O 10. f4 Nbd7 11. f5 Bxb3 12. axb3 b5 13. Bf3 Qc7 14. Rf2 b4 15.
Na4 Rfd8 16. Qd3 Rac8 17. Qxa6 Nc5 18. Nxc5 dxc5 19. Qc4 Ra8 20. Rff1 Nd7 21.
Bh5 Nf6 22. Bxf7+ Kh8 23. Rxa8 Rxa8 24. Rd1 Ng4 25. Bd2 Qd6 26. Bd5 Ra2 27. h3
Nf6 28. Bg5 Nh5 29. Bxe7 Qxe7 30. Be6 Nf4 31. g3 Qg5 32. Kh2 Nxe6 33. Qxe6 Ra8
34. Qxe5 Qe3 35. Rg1 h6 36. f6 Kh7 37. Qf5+ Kh8 38. e5 Rd8 39. fxg7+ Kxg7 40.
Qf6+ 1-0

[Event "Lidums Checkmate Open"]
[Site "Adelaide"]
[Date "2010.07.04"]
[Round "5.8"]
[White "Kerr, Bill"]
[Black "Cameron, Alistair"]
[Result "1-0"]
[WhiteElo "1793"]
[BlackElo "1862"]
[PlyCount "63"]
[EventDate "2010.07.03"]
[EventType "swiss"]
[EventRounds "7"]
[EventCountry "AUS"]

1. f4 Nf6 2. Nf3 c5 3. g3 Nc6 4. Bg2 d5 5. d3 Bg4 6. h3 Bxf3 7. Bxf3 Qd7 8. Nc3
O-O-O 9. a4 Kb8 10. a5 a6 11. g4 e6 12. O-O Qc7 13. Bd2 g5 14. Bg2 h5 15. h4
gxh4 16. g5 Ng4 17. e4 d4 18. Ne2 Rg8 19. Qe1 h3 20. Bxh3 Rxg5 21. e5 Rg8 22.
Kh1 Be7 23. Bg2 h4 24. Ng1 h3 25. Nxh3 Rh8 26. Kg1 Rdg8 27. Rf3 Bh4 28. Qe4 Ne7
29. Ng5 Nf5 30. Ra3 Nge3 31. Rb3 Bxg5 32. Bxe3 1-0

[Event "Lidums Checkmate Open"]
[Site "Adelaide"]
[Date "2010.07.04"]
[Round "5.9"]
[White "Wedding, William"]
[Black "Goldsmith, Alan D"]
[Result "0-1"]
[WhiteElo "1404"]
[BlackElo "1975"]
[PlyCount "56"]
[EventDate "2010.07.03"]
[EventType "swiss"]
[EventRounds "7"]
[EventCountry "AUS"]

1. e4 e5 2. Nf3 Nc6 3. d4 exd4 4. Bc4 Nf6 5. O-O Nxe4 6. Re1 d5 7. Bxd5 Qxd5 8.
Nc3 Qa5 9. Nxe4 Be6 10. Neg5 O-O-O 11. Nxe6 fxe6 12. Rxe6 Bd6 13. Bg5 Rd7 14.
Qe1 Qd5 15. Qe4 Qxe4 16. Rxe4 h6 17. Bd2 Bc5 18. Rae1 Rf8 19. c3 Rfd8 20. b4
dxc3 21. Bxc3 Rd3 22. Rc1 Bb6 23. b5 Ne7 24. Bd4 Bxd4 25. Rxd4 Rxf3 26. Rdc4
Rf7 27. Rxc7+ Kb8 28. a4 b6 0-1

[Event "Lidums Checkmate Open"]
[Site "Adelaide"]
[Date "2010.07.04"]
[Round "5.10"]
[White "Mdinaradze, Edgar"]
[Black "Steffensen, Dennis A"]
[Result "0-1"]
[WhiteElo "1871"]
[BlackElo "1601"]
[PlyCount "36"]
[EventDate "2010.07.03"]
[EventType "swiss"]
[EventRounds "7"]
[EventCountry "AUS"]

1. d4 d5 2. Nf3 e6 3. Bf4 Nf6 4. Nc3 c6 5. e3 Nbd7 6. Be2 Be7 7. h3 O-O 8. O-O
Re8 9. Re1 Bb4 10. a3 Ba5 11. b4 Bc7 12. Ne5 Re7 13. Na4 Nxe5 14. Bxe5 Bxe5 15.
dxe5 Nd7 16. f4 b5 17. Nb2 Qb6 18. Qd2 c5 0-1